书目信息 |
| 题名: |
数、符号、公式、图形的英文表达
|
|
| 作者: | 童丽萍 , 陈治业 编著 | |
| 分册: | ||
| 出版信息: | 南京 东南大学出版社 2000.08 |
|
| 页数: | 340页 | |
| 开本: | 20cm | |
| 丛书名: | 国际学术交流英语 | |
| 单 册: | ||
| 中图分类: | H315.9 | |
| 科图分类: | ||
| 主题词: | 数学--英语--翻译 , 数学 , 翻译 , 英语 | |
| 电子资源: | ||
| ISBN: | 7-81050-668-4 | |
| 000 | 01026nam2 2200313 45 | |
| 001 | 012000053539 | |
| 005 | 20071011092544.06 | |
| 010 | @a7-81050-668-4@dCNY 18.00 | |
| 035 | @a(011001)c2000031195 | |
| 100 | @a20001124d2000 emky0chiy0120 ea | |
| 101 | 0 | @achi@aeng |
| 102 | @aCN@b320000 | |
| 105 | @ay z 000yy | |
| 200 | 1 | @a数、符号、公式、图形的英文表达@9shu 、 fu hao 、 gong shi 、 tu xing de ying wen biao da@f童丽萍,陈治业编著 |
| 210 | @a南京@c东南大学出版社@d2000.08 | |
| 215 | @a340页@d20cm | |
| 225 | 2 | @a国际学术交流英语 |
| 330 | @a本书主要介绍了如何用英语正确、科学、规范地表达数、符号、公式、图形,书中还给出了大量的应用实例。 | |
| 461 | 0 | @12001 @a国际学术交流英语 |
| 510 | 1 | @aExpression of Numbers, Signs, Equations and Graphs in English@zeng |
| 606 | 0 | @a数学@x英语@x翻译 |
| 606 | 0 | @a数学 |
| 606 | 0 | @a翻译 |
| 606 | 0 | @a英语 |
| 690 | @aH315.9@v4 | |
| 701 | 0 | @a童丽萍@9tong li ping@4编著 |
| 701 | 0 | @a陈治业@9chen zhi ye@4编著 |
| 801 | 0 | @aCN@c20071011 |
| 905 | @dH315.9@eT850 | |
| 数、符号、公式、图形的英文表达/童丽萍,陈治业编著.-南京:东南大学出版社,2000.08 |
| 340页;20cm.-(国际学术交流英语) |
| ISBN 7-81050-668-4:CNY 18.00 |
| 本书主要介绍了如何用英语正确、科学、规范地表达数、符号、公式、图形,书中还给出了大量的应用实例。 |
| ● |
| 相关链接 |
|
|
|
正题名:数、符号、公式、图形的英文表达
索取号:H315.9/T850
 
预约/预借
| 序号 | 登录号 | 条形码 | 馆藏地/架位号 | 状态 | 备注 |
| 1 | 261533 | 202615330 | 语言库209/209语言库 39排5列2层/ [索取号:H315.9/T850] | 在馆 | |
| 2 | 442156 | 204421562 | 语言库209/209语言库 39排5列2层/ [索取号:H315.9/T850] | 在馆 | |
| 3 | 442157 | 204421571 | 语言库209/209语言库 39排5列2层/ [索取号:H315.9/T850] | 在馆 | |
| 4 | 442158 | 204421580 | 语言库209/ [索取号:H315.9/T850] | 在馆 |